| 000 | 00928cab a2200229 4500 | ||
|---|---|---|---|
| 001 | ABS67339 | ||
| 008 | 040107n2003 000 0 eng u | ||
| 035 | _a(Sirsi) u124749 | ||
| 100 | _aHodgkinson, C. | ||
| 245 | _aAccess is coming home | ||
| 260 | _c2003 | ||
| 490 |
_aAccess by Design _v (97) Winter 2003, 21-24(4) |
||
| 520 | _aReviews the development of the Accessible Property Register, which is a new resource for disabled people looking to buy, rent or sell accessible or adapted housing. The website can be found at www.accessible-property.org.uk. | ||
| 590 | _aABS | ||
| 650 | _aMANAGEMENT-BUSINESS MANAGEMENT-DISCRIMINATION-DISABILITY DISCRIMINATION-ACCESSIBILITY | ||
| 650 | _aACCESSIBLE PROPERTY REGISTER | ||
| 650 | _aWEBSITES | ||
| 650 | _aACCESSIBLE HOUSING | ||
| 690 | _aHOUSING | ||
| 856 |
_uhttps://www.accessible-property.org.uk _zView the Accessible Property Register website... |
||
| 942 | _n0 | ||
| 999 |
_c74038 _d74038 |
||